000 00692nam a2200205Ii 4500
003 JO-AjNU
008 230605s9999||||xx |||||||||||||| ||und||
017 _a2013/4/1001
040 _aJO-AjNU
_bara
_erda
_cJO-AjNU
041 _aara
050 1 4 _aDS153.3.K33 2013
100 3 _aكفافي، زيدان,
_eauthor
_951809
245 0 0 _aالأردن في العصور الحجرية
264 3 1 _aعمان: وزارة الثقافة، 2013
300 _a250ص
_b خرائط وصور توضيحية
336 _atext
_btxt
_2rdacontent
337 _aunmediated
_bn
_2rdamedia
338 _avolume
_bnc
_2rdacarrier
650 4 _aالاردن - تاريخ - العصور الحجرية
_951810
999 _aA22913
_c26481
_d26481